000 00310nam a2200133Ia 4500
005 20251222142001.0
008 251222s9999||||xx |||||||||||||| ||spa||
020 _a9972-40-219-3
082 _a868.949/A52D
100 _aAmado, Jorge
245 0 _aDoña Flor y sus Dos Maridos
264 _bPeisa
942 _cLIB
999 _c9995
_d9995